000 00659nam a2200217 i 4500
001 176882
003 ES-MaACL
005 20230906220213.0
008 110216s1967 sp ao |||| | spa d
080 _a75:069(450.251 M.) Breca
245 0 0 _aPinacoteca de Brera /
_cpresentación de Franco Russoli.
260 _aMadrid :
_bCodex,
_c[1967]
300 _a86 p. :
_bil. col. y n. ;
_c32 cm.
490 1 _aEl mundo de los museos
500 _aÍndices.
610 2 4 _aPinacoteca di Brera.
_9145229
700 1 _aRussoli, Franco.
_9145228
830 0 _aEl mundo de los museos
_9190282
852 _aES-MaACL
_jE-14327
_xOlim P-1361
999 _c176882
_d176882